Score 0/14 Timer 03:00
0 Plays Today
Song Missing Word % Correct
Hey _____Jude
96.9%
I Heard It Through the ______Grapevine
96.5%
(Sittin' On) The _____ of the BayDock
94.9%
_____, GoodbyeHello
91.3%
Hello, I ____ YouLove
91.1%
Mrs. ______Robinson
90.6%
Harper _____ P.T.A.Valley
75.4%
Song Missing Word % Correct
This _____ in Love with YouGuy's
54.2%
People Got to Be _____Free
53%
Grazing in the _____Grass
52.7%
_____ TambourineGreen
51.1%
Judy in _____ (With Glasses)Disguise
49.9%
Love _____Child
37.5%
Love is _____Blue
28%

Today's Daily Dose

Remove Ads.
Support Sporcle.
Get the best of Sporcle when you Go Orange. This ad-free experience offers more features, more stats, and more fun while also helping to support Sporcle. Thank you for becoming a member.

You're not logged in!

Compare scores with friends on all Sporcle quizzes.
OR
Log In

Show Comments

Extras

Top Quizzes Today


Score Distribution

Your Account Isn't Verified!

In order to create a playlist on Sporcle, you need to verify the email address you used during registration. Go to your Sporcle Settings to finish the process.

Report this User

Report this user for behavior that violates our Community Guidelines.

Details: